000 00755nam a22001337a 4500
040 _cRUA
082 _aAVM NOE 2013 B108 Or.1
100 _aNOEM, VANNA.
245 _aStudy on antibiotic usage on diarrhea of suckling piglet at soun chounly farm in punnhealeu district kandal province, ការសិក្សាទៅលើការប្រើប្រាស់អង់ទីប៊ីយ៉ូទិចលើជំងឺរាកកូនជ្រូកក្នុងកំឡុងបំបៅដោះនៅក្នុងកសិដ្ឋានស៊ុន ឈុនលី ស្រុកពញាឭ ខេត្តកណ្ដាល
260 _aPhnom Penh
_bRUA
_c2013
300 _ax; 37p.
_bill.
_c29cm.
856 _uSOUN VANNA
942 _cAVM
999 _c2654
_d2654